[Event "Lippe Cup-B 08th"]
[Site "Lieme"]
[Date "2011.10.29"]
[Round "3"]
[White "Noell, Wolfgang"]
[Black "Buente, Andreas"]
[Result "0-1"]
[WhiteElo "1484"]
[BlackElo "1413"]
[PlyCount "89"]
[EventDate "2011.10.28"]
[EventType "swiss"]
[EventRounds "5"]
[EventCountry "GER"]
[SourceTitle "EXT 2012"]
[Source "ChessBase"]
[SourceDate "2011.11.24"]
[SourceVersion "1"]
[SourceVersionDate "2011.11.24"]
[SourceQuality "1"]

1. Nf3 d5 2. d3 Nf6 3. g3 Nc6 4. Bg2 e5 5. h3 Bc5 6. Nfd2 0-0 7. Nc3 Be6 8. e4 d4 9. Ne2 Bb6 10. f4 Qe7 11. f5 Bd7 12. 0-0 Na5 13. a3 c5 14. b3 Nc6 15. Rf2 Bc7 16. Bf1 b5 17. g4 Kh8 18. Ng3 Bb6 19. Rg2 Ng8 20. Nf3 Rfc8 21. g5 f6 22. h4 Na5 23. Nh1 c4 24. Bd2 c3 25. Bc1 Nb7 26. Nf2 a5 27. h5 Be8 28. h6 g6 29. Nh4 Qd6 30. gxf6 Qxf6 31. Bg5 Qf8 32. Ng4 gxf5 33. Nxf5 Bh5 34. Ng7 Bxg4 35. Qxg4 Bd8 36. Ne6 Qf7 37. Bxd8 Nxh6 38. Qg7+ Qxg7 39. Rxg7 Nxd8 40. Re7 Nxe6 41. Rxe6 Ng4 42. Bh3 Rg8 43. Bxg4 Rxg4+ 44. Kh2 Rg5 45. Rf1 0-1

[Event "Lippe Cup 03rd"]
[Site "Lieme"]
[Date "2006.10.08"]
[Round "5"]
[White "Kenter, Jan Theodor"]
[Black "Noell, Wolfgang"]
[Result "1-0"]
[WhiteElo "1652"]
[BlackElo "1632"]
[PlyCount "135"]
[EventDate "2006.10.06"]
[EventType "swiss"]
[EventRounds "5"]
[EventCountry "GER"]
[SourceTitle "EXT 2012"]
[Source "ChessBase"]
[SourceDate "2011.11.24"]
[SourceVersion "1"]
[SourceVersionDate "2011.11.24"]
[SourceQuality "1"]

1. e4 g6 2. d4 Bg7 3. Nc3 d6 4. Be3 Nf6 5. Bc4 Nfd7 6. Qd2 h6 7. Nge2 Nc6 8. f3 e5 9. 0-0-0 a6 10. g4 Ne7 11. Ng3 b5 12. Bb3 Nc6 13. d5 Na5 14. h4 Nb6 15. Rdf1 Nac4 16. Bxc4 Nxc4 17. Qf2 Nxe3 18. Qxe3 h5 19. g5 f6 20. f4 0-0 21. f5 Qe8 22. fxg6 Qxg6 23. Nf5 Bxf5 24. Rxf5 fxg5 25. Rxg5 Qf6 26. Rxh5 Qf4 27. Qxf4 Rxf4 28. Rg1 Raf8 29. Rhg5 Rf1+ 30. Rxf1 Rxf1+ 31. Kd2 Kh7 32. Ke2 Rf4 33. h5 Rf6 34. Nd1 Kh6 35. Rg3 Bf8 36. Rh3 Kg5 37. Ra3 Rf4 38. Ke3 Rh4 39. Rxa6 Rh3+ 40. Ke2 Rxh5 41. c3 Kf4 42. Ra5 Rh2+ 43. Kd3 Bh6 44. Rxb5 Kf3 45. Rb7 Rd2+ 46. Kc4 Kxe4 47. Rxc7 Rxd1 48. Rh7 Bf4 49. b4 Ra1 50. Ra7 Be3 51. Ra6 Kf4 52. Rxd6 Rxa2 53. Rf6+ Kg5 54. Rf8 Rf2 55. Rxf2 Bxf2 56. d6 Kf6 57. Kd5 Bg3 58. b5 Kf5 59. b6 e4 60. b7 e3 61. b8Q e2 62. Qf8+ Kg4 63. Qg7+ Kf3 64. Qf7+ Bf4 65. Qh5+ Ke3 66. d7 e1Q 67. Qe8+ Kd2 68. Qxe1+ 1-0

[Event "Lippe Cup 03rd"]
[Site "Lieme"]
[Date "2006.10.08"]
[Round "4"]
[White "Noell, Wolfgang"]
[Black "Meyer, Guenter"]
[Result "1-0"]
[WhiteElo "1632"]
[BlackElo "1635"]
[PlyCount "101"]
[EventDate "2006.10.06"]
[EventType "swiss"]
[EventRounds "5"]
[EventCountry "GER"]
[SourceTitle "EXT 2012"]
[Source "ChessBase"]
[SourceDate "2011.11.24"]
[SourceVersion "1"]
[SourceVersionDate "2011.11.24"]
[SourceQuality "1"]

1. Nf3 d5 2. g3 c6 3. Bg2 Nf6 4. d3 Bf5 5. Nfd2 Nbd7 6. Nc3 h6 7. e4 Bg4 8. f3 Bh5 9. h3 d4 10. Ne2 c5 11. 0-0 e5 12. Qe1 Bd6 13. Nc4 Bc7 14. f4 Bxe2 15. Qxe2 Qe7 16. f5 b5 17. Nd2 Nb6 18. b3 a5 19. a3 a4 20. g4 Nfd7 21. Nf3 f6 22. Rf2 Qd6 23. h4 Bd8 24. g5 Be7 25. gxh6 gxh6 26. Bf1 Rg8+ 27. Rg2 0-0-0 28. Kh1 Rxg2 29. Qxg2 Bf8 30. Qg6 Qe7 31. Bxh6 Bxh6 32. Qxh6 Qf7 33. Rb1 Rg8 34. Qd2 Kb7 35. Bg2 Ka6 36. Qe2 Ka5 37. Rg1 Qh5 38. Qf2 Qf7 39. Nd2 Rh8 40. Bf3 Nf8 41. Rg2 Qh7 42. Rh2 Rg8 43. h5 Qf7 44. Rg2 Nh7 45. Rg6 Ng5 46. Bd1 Nc8 47. Nf3 Nxf3 48. Qxf3 Ne7 49. Rg2 Rxg2 50. Qxg2 Qg8 51. h6 1-0

[Event "Lippe Cup 02nd"]
[Site "Lieme"]
[Date "2005.10.07"]
[Round "1"]
[White "Noell, Wolfgang"]
[Black "Richter, Michael4444"]
[Result "1-0"]
[WhiteElo "1568"]
[BlackElo "1184"]
[PlyCount "55"]
[EventDate "2005.10.07"]
[EventType "swiss"]
[EventRounds "5"]
[EventCountry "GER"]
[SourceTitle "EXT 2012"]
[Source "ChessBase"]
[SourceDate "2011.11.24"]
[SourceVersion "1"]
[SourceVersionDate "2011.11.24"]
[SourceQuality "1"]

1. e4 e5 2. Nf3 Nc6 3. Bc4 Bc5 4. 0-0 Nf6 5. d4 Bxd4 6. Nxd4 Nxd4 7. f4 d6 8. c3 Bg4 9. Qd2 Nxe4 10. Qe3 Be2 11. Bxe2 Nxe2+ 12. Qxe2 Nc5 13. fxe5 Qe7 14. b4 Nd7 15. Nd2 0-0 16. Ne4 dxe5 17. Bg5 Qe6 18. Rad1 f6 19. Bh4 b6 20. Rd3 Rad8 21. Rfd1 Qe7 22. Qg4 Rf7 23. Nxf6+ Nxf6 24. Rxd8+ Rf8 25. Rxf8+ Kxf8 26. Bxf6 gxf6 27. Rd7 Qe8 28. Qg7# 1-0